"Félek, hogy kinyírják Szilviát is..." Az Európa-bajnoknő elmenekül Magyarországról /
Elmentve itt :
| Szerző: | |
|---|---|
| Dokumentumtípus: | Cikk |
| Megjelent: |
1990-08-31
|
| Sorozat: | Délmagyarország
80 No. 218 |
| Kulcsszavak: | Szalai Szilvia, úszás |
| Online Access: | http://dmarchiv.bibl.u-szeged.hu/100065 |
| LEADER | 00530nab a2200157 i 4500 | ||
|---|---|---|---|
| 001 | delm100065 | ||
| 005 | 20190925102816.0 | ||
| 008 | 190925s1990 hu o 0|| hun d | ||
| 040 | |a SZTE Délmagyarország Archívum |b hun | ||
| 041 | |a hun | ||
| 100 | 1 | |a Gát László, | |
| 245 | 1 | 0 | |a "Félek, hogy kinyírják Szilviát is..." |h [elektronikus dokumentum] : |b Az Európa-bajnoknő elmenekül Magyarországról / |c Cs. Gát László, |
| 260 | |c 1990-08-31 | ||
| 300 | |a 7 | ||
| 490 | 0 | |a Délmagyarország |v 80 No. 218 | |
| 695 | |a Szalai Szilvia, úszás | ||